Countries with Multiple Cities in the Top 200 Worldwide - Statistics

General Stats
  • This quiz has been taken 1,400 times
    1,261 since last reset
  • The average score is 24 of 27
Answer Stats
# Country % Correct
40 China
100%
20 United States
100%
10 Brazil
99%
17 India
99%
4 Mexico
98%
3 United Kingdom
98%
3 Japan
97%
5 Germany
96%
2 Russia
96%
2 Egypt
95%
4 Indonesia
94%
3 Italy
93%
3 South Africa
93%
4 Nigeria
92%
5 Pakistan
92%
2 Spain
92%
3 Canada
91%
3 Turkey
91%
3 Australia
90%
3 Iran
90%
2 South Korea
88%
3 Colombia
87%
2 Vietnam
85%
2 Bangladesh
82%
2 Saudi Arabia
80%
2 Ghana
32%
2 Cameroon
26%
No matching quizzes found
Score Distribution
Percent of People with Each Score
Percentile by Number Answered
Your Score History
You have not taken this quiz since the last reset